000236361 001__ 236361
000236361 005__ 20250112183541.0
000236361 022__ $$a2589-5885
000236361 022__ $$a2589-5885$$l2589-5893
000236361 022__ $$a2589-5893
000236361 0247_ $$2ZDBID$$aPERI:(DE-600)3019801-X
000236361 0247_ $$2ZDBPPN$$aZDPPN:1209483955
000236361 0247_ $$2EZBID$$aPERI:(DE-606)466480
000236361 0247_ $$2OCLC$$aOCLC:1366363031
000236361 0247_ $$2SCOPUS$$aSCOPUS:21101128151
000236361 0247_ $$2Medline$$amedline:101765783
000236361 035__ $$aPERI:(DE-600)3019801-X
000236361 040__ $$a0355$$bger$$cDE-101$$dJOIN²$$eJOIN² journal identification
000236361 041__ $$aeng
000236361 044__ $$cXA-NL
000236361 082__ $$223sdnb$$a900$$qDE-600
000236361 08274 $$223sdnb$$a900$$qDE-600
000236361 2100_ $$2iso$$aJ Appl Hist
000236361 2100_ $$2dnlm$$aJ Appl Hist
000236361 2100_ $$2iso$$aJ Appl Hist
000236361 24220 $$2DE-600$$aJournal of applied history$$bJOAH$$yen
000236361 24220 $$2DE-600$$aJournal of applied history$$bJOAH
000236361 245__ $$2DE-600$$aJournal of applied history$$bJOAH$$hprint, online
000236361 2463_ $$2DE-600$$aJournal of applied history
000236361 2463_ $$aJournal of applied history
000236361 2463_ $$aJOAH
000236361 260__ $$aLeiden$$bBrill$$c2019-
000236361 26431 $$aLeiden$$bBrill$$c2019-
000236361 3620_ $$2DE-600$$a2019-
000236361 36301 $$2DE-600$$81.1\x$$i2019
000236361 380__ $$2marcgt$$ajournal
000236361 500__ $$aAutomatically generated record. (Updated: 2024-12-19)
000236361 650_7 $$0ASJC:1202$$2ASJC$$aHistory
000236361 77608 $$2DE-600$$iErscheint auch als$$nDruck-Ausgabe$$tJournal of applied history$$x2589-5885
000236361 8564_ $$d0$$uhttps://brill.com/view/journals/joah/joah-overview.xml$$yVerlag
000236361 8564_ $$d0$$uhttps://ezb.ur.de/?3019801-X$$yEZB
000236361 8801_ $$2DE-600$$aJournal of applied history$$bJOAH
000236361 909CO $$ooai:juser.fz-juelich.de:887622$$pauthority$$pauthority:PERI
000236361 909CO $$ooai:juser.fz-juelich.de:887622
000236361 915__ $$0StatID:(DE-HGF)0200$$2StatID$$aDBCoverage$$bSCOPUS$$d2024-12-19
000236361 915__ $$0StatID:(DE-HGF)0300$$2StatID$$aDBCoverage$$bMedline$$d2024-12-19
000236361 980__ $$aPERI
000236361 980__ $$aAUTHORITY